Implementace UN/EDIFAKT v podmínkách dopravy České republiky
So zmenou ekonomického systému v ČR sú jednotlivé odvetvia NH a tiež doprava vystavené silnej konkurencii na medzinárodných trhoch. V rámci EHK OSN sa presadzuje UN/EDIFACT (United Nations/Electronic Data Interchange For Administration, Commerce and Transport - elektronická výmena dát pre správu, ob...
Guardado en:
| Autor principal: | |
|---|---|
| Formato: | Capítulo de libro |
| Lenguaje: | checo |
| Materias: | |
| Etiquetas: |
Sin Etiquetas, Sea el primero en etiquetar este registro!
|
MARC
| LEADER | 00000naa a2200000 4500 | ||
|---|---|---|---|
| 001 | r024562 | ||
| 005 | 20221205085915.8 | ||
| 041 | 0 | |a cze | |
| 044 | |a CZ | ||
| 245 | 1 | 0 | |a Implementace UN/EDIFAKT v podmínkách dopravy České republiky |c V. Bodenlos |
| 520 | |a So zmenou ekonomického systému v ČR sú jednotlivé odvetvia NH a tiež doprava vystavené silnej konkurencii na medzinárodných trhoch. V rámci EHK OSN sa presadzuje UN/EDIFACT (United Nations/Electronic Data Interchange For Administration, Commerce and Transport - elektronická výmena dát pre správu, obchod a dopravu). Vytvorenie fungujúceho systému elektronickej výmeny dát UN/EDIFACT v rámci dopravy Českej republiky. | ||
| 610 | 2 | 0 | |a doprava |
| 610 | 2 | 0 | |a Česko |
| 610 | 2 | 0 | |a systémy informačné |
| 610 | 2 | 0 | |a dáta |
| 610 | 2 | 0 | |a EDIFACT |
| 610 | 2 | 0 | |a UN/EDIFACT |
| 610 | 2 | 0 | |a EHK |
| 610 | 2 | 0 | |a OSN |
| 610 | 2 | 0 | |a Ministerstvo dopravy ČR |
| 100 | 1 | |a Bodenlos, V. | |